000 01174nam0a22002771 4500
001 rc\4907194
005 20260407100608.0
021 _aRU
_b[58-45573]
035 _a(NLR Aleph) 008932625
090 _a8894688
_c8894688
100 _a20130426d1958 |||y0rusy50 ca
101 0 _arus
102 _aRU
105 _ay z |||||
200 1 _aЭффективность занятых паров
_fВсесоюз. с.-х. выставка. 1958. [Упр. пропаганды и оформления. Павильон "Центр. черноземные обл."]
210 _a[Москва
_cИзд-во М-ва сел. хоз-ва СССР]
_d1958]
215 _a13 с.
_d14
300 _aАвт. указан в вып. дан.
606 _aПар (с.-х.), занятый
_yТамбовская область
_2psbo
700 1 _aФедоров
_bВ.А.
_gВладимир Александрович
712 1 2 _aВсесоюзная сельскохозяйственная выставка
_f1954-1959
_eМосква
_3RU\NLR\AUTH\889927075
_9349816
801 0 _aRU
_bNLR
_gpsbo
801 1 _aRU
_bELAR
_2rusmarc
852 _aNLR
_j58-1/1009
942 _cBOOK
980 _aNB